Ciencia, orden y creatividad : las raíces creativas de la ciencia y la vida /
Contra el lugar común que asocia la creatividad casi exclusivamente con el arte, los dos científicos que dialogan en esta obra defienden la existencia de una "estética" de la ciencia y, más allá todavía, de la posibilidad de que todo sujeto haga de su propia vida una obra creativa.
Збережено в:
| Автор: | |
|---|---|
| Інші автори: | |
| Формат: | Книга |
| Мова: | Іспанська |
| Опубліковано: |
Barcelona, España :
Kairós,
1988, c1988
|
| Предмети: | |
| Теги: |
Немає тегів, Будьте першим, хто поставить тег для цього запису!
|
MARC
| LEADER | 00000nam^a2200000^a^4500 | ||
|---|---|---|---|
| 001 | 000146446 | ||
| 005 | 20250521000000.0 | ||
| 009 | 20260310095911.666 | ||
| 020 | |a 84-7245-184-4 | ||
| 037 | |a Acervo ITESO - Biblioteca | ||
| 041 | |a ESP | ||
| 082 | |a 121. |b BOH | ||
| 100 | |a Bohm, David |e (autor) | ||
| 245 | 1 | 0 | |a Ciencia, orden y creatividad : |b las raíces creativas de la ciencia y la vida / |c D. Bohm, D. Peat ; tr. por Joseph M. Apfelbäume. |
| 264 | 4 | |a Barcelona, España : |b Kairós, |c 1988, c1988 | |
| 300 | |a 299 p. | ||
| 336 | |a texto |b txt |2 rdacontenido | ||
| 337 | |a sin mediación |b n |2 rdamedio | ||
| 338 | |a volumen |b nc |2 rdasoporte | ||
| 500 | |a Traducción de: Science, Order and Creativity | ||
| 520 | |a Contra el lugar común que asocia la creatividad casi exclusivamente con el arte, los dos científicos que dialogan en esta obra defienden la existencia de una "estética" de la ciencia y, más allá todavía, de la posibilidad de que todo sujeto haga de su propia vida una obra creativa. | ||
| 649 | |a XX | ||
| 650 | |a Creatividad | ||
| 650 | |a Arte y Ciencia | ||
| 650 | |a Ciencia | ||
| 650 | |a Epistemología | ||
| 700 | |a Peat, David |e (autor) | ||
| 910 | |a Fondo General | ||
| 920 | |a Impresos - Libros | ||
| 930 | |a Colección General | ||
| 905 | |a 101 | ||
| 901 | |a 0500075609 |b IT1 |c ACC |u 20250521 | ||
| 902 | |a https://opac.biblio.iteso.mx/vufind/Record/000146446 | ||